Estadìsticas de registros laborales (Registro nro. 4667)

Detalles MARC
000 -LEADER
fixed length control field 00861 a2200217 4500
001 - CONTROL NUMBER
control field 48639
005 - DATE AND TIME OF LATEST TRANSACTION
control field 20260407155751.0
008 - FIXED-LENGTH DATA ELEMENTS--GENERAL INFORMATION
fixed length control field 260407a2016 arg spa d
003 - CONTROL NUMBER IDENTIFIER
control field AR-UNSa-BCEJYS
040 ## - CATALOGING SOURCE
Original cataloging agency AR-UNSa-BCEJYS
Language of cataloging spa
Transcribing agency AR-UNSa-BCEJYS
080 ## - UNIVERSAL DECIMAL CLASSIFICATION NUMBER
Universal Decimal Classification number 311.3:331
Common auxiliary subdivision Estadística Oficial en Trabajo. Empleo. Organización del trabajo
020 ## - INTERNATIONAL STANDARD BOOK NUMBER
International Standard Book Number 978-950-896-490-8
041 ## - LANGUAGE CODE
Language code of text/sound track or separate title spa
100 1# - MAIN ENTRY--PERSONAL NAME
Personal name Instituto Nacional de Estadística y Censos (INDEC)
245 10 - TITLE STATEMENT
Title Estadìsticas de registros laborales
Name of part/section of a work aspectos conceptuales para la medición de la evolución de puestos de trabajo, remuneraciones y costo salarial
264 #1 - PRODUCTION, PUBLICATION, DISTRIBUTION, MANUFACTURE, AND COPYRIGHT NOTICE
Place of production, publication, distribution, manufacture Buenos Aires :
Name of producer, publisher, distributor, manufacturer INDEC
Date of production, publication, distribution, manufacture, or copyright notice 2016
300 ## - PHYSICAL DESCRIPTION
Extent 16 p.
Dimensions 25 cm.
590 ## - LOCAL NOTE (RLIN)
Local note niveau_biblio:m niveau_hierar:0
856 41 - ELECTRONIC LOCATION AND ACCESS
Uniform Resource Identifier <a href="https://www.biblioeco.unsa.edu.ar/pmb/images/libros/D00086">https://www.biblioeco.unsa.edu.ar/pmb/images/libros/D00086</a>
Link text Imagen de portada
Electronic format type image/jpeg
942 ## - ADDED ENTRY ELEMENTS (KOHA)
Koha item type
Existencias
Withdrawn status Lost status Damaged status Not for loan Home library Current library Shelving location Date acquired Total checkouts Full call number Barcode Date last seen Price effective from Koha item type
        Biblioteca Prof. Eusebio Cleto del Rey Biblioteca Prof. Eusebio Cleto del Rey   07/04/2026   D311.3:331 I59 D00086 07/04/2026 07/04/2026 Libro